Central Library OPAC University of Rajshahi

The Lincoln papers : (Record no. 28750)

MARC details
000 -LEADER
fixed length control field 01222cam a22003131 4500
001 - CONTROL NUMBER
control field 28750
003 - CONTROL NUMBER IDENTIFIER
rucl marc code BD-RjUL
005 - DATE AND TIME OF LATEST TRANSACTION
control field 20211209051326.0
008 - FIXED-LENGTH DATA ELEMENTS--GENERAL INFORMATION
fixed length control field 140331s1948 nyuac 001 0beng
035 ## - SYSTEM CONTROL NUMBER
System control number (BD-RjUL)28832
System control number (OCoLC)445397
040 ## - CATALOGING SOURCE
Original cataloging agency DLC
Transcribing agency ODaWU
Modifying agency OCoLC
-- DLC
-- BD-RjUL
Language of cataloging eng
041 ## - LANGUAGE CODE
Language code of text/sound track or separate title eng
082 00 - DEWEY DECIMAL CLASSIFICATION NUMBER
Classification number 973.7092
Author mark and year MEL V-2 1948
100 1# - MAIN ENTRY--PERSONAL NAME
Personal name Mearns, David C.
Fuller form of name (David Chambers),
Dates associated with a name 1899-1981.
9 (RLIN) 87954
245 14 - TITLE STATEMENT
Title The Lincoln papers :
Remainder of title the story of the collection, with selections to July 4, 1861 /
Statement of responsibility, etc. introd. by Carl Sandburg.
Number of part/section of a work V-2
260 ## - PUBLICATION, DISTRIBUTION, ETC. (IMPRINT)
Place of publication, distribution, etc. Garden City, N.Y. :
Name of publisher, distributor, etc. Doubleday,
Date of publication, distribution, etc. c1948.
300 ## - PHYSICAL DESCRIPTION
Pagination xvii, 681 p. :
Illustrations illus., ports. ;
Size 22 cm.
500 ## - GENERAL NOTE
General note The selections consist chiefly of letters and memoranda to Abraham Lincoln from the Robert Todd Lincoln Collection in the Library of Congress.
504 ## - BIBLIOGRAPHY, ETC. NOTE
Bibliography, etc Includes Index.
600 10 - SUBJECT ADDED ENTRY--PERSONAL NAME
Personal name Lincoln, Abraham,
Dates associated with a name 1809-1865.
Personal name Lincoln, Robert Todd,
Dates associated with a name 1843-1926.
651 #0 - SUBJECT ADDED ENTRY--GEOGRAPHIC NAME
Geographic name United States
General subdivision History
Chronological subdivision Civil War, 1861-1865
Form subdivision Sources.
9 (RLIN) 84820
700 1# - ADDED ENTRY--PERSONAL NAME
Personal name Lincoln, Abraham,
Dates associated with a name 1809-1865.
710 2# - ADDED ENTRY--CORPORATE NAME
Corporate name or jurisdiction name as entry element Library of Congress.
9 (RLIN) 87958
942 ## - ADDED ENTRY ELEMENTS (KOHA)
Source of classification or shelving scheme Dewey Decimal Classification
Koha item type Books
Holdings
Lost status Source of classification or shelving scheme Damaged status Not for loan Collection code Permanent Location Current Location Shelving location Date acquired Source of acquisition Cost, normal purchase price Total Checkouts Full call number Date last seen Copy number Koha item type
  Dewey Decimal Classification   Added to bundle Non-fiction Central Library, University of Rajshahi Central Library, University of Rajshahi Reading Room 10/08/1981 Not found 0.00   973.7092 MEL V-2 1948 31/03/2014 C-1 Books